Представление документа в формате RUSMARC

ПолеНазваниеЗначение
  Тип записи a
  Библиографический уровень m
001 Контрольный номер RU/УОНБ/EK/384879904
005 Дата корректировки 20241101133215.8
010 Индекс ISBN __
a ISBN 978-5-85803-443-8
d Цена 80 р.
9 Тираж 800 экз.
b Уточнения в пер.
100 Данные общей обработки __
a Данные общей обработки 20120312d2011 u y0rusy0189||||ca
101 Язык документа 0_
a Язык текста rus
102 Страна публикации __
a Страна публикации RU
105 Кодированные данные (монография) __
a Кодированные данные (монография) a z 001yy
200 Заглавие и сведения об ответственности 1_
a Заглавие Горцы после гор. Миграционные процессы в Дагестане в ХХ-начале ХХI века: их социальные и этнокультурные последствия и перспективы
f Первые сведения об ответственности Ю.Ю. Карпов, Е.Л. Капустина
g Последующие сведения об ответственности Рос. акад. наук, Музей антропологии и этнографии им. Петра Великого (Кунсткамера)
210 Выходные данные 1_
a Место издания СПб.
c Издательство Петербургское Востоковедение
d Дата издания 2011
215 Физическое описание __
a Объем 448 с.
c Иллюстрации/тип воспроизводства ил.
d Формат 25 см
320 Библиография __
a Библиография Библиогр.: с. 422-439.
606 Тематические рубрики 0_
a Основная рубрика Дагестан - История
606 Тематические рубрики 0_
a Основная рубрика Народы Дагестана
x Основная подрубрика Этнография
610 Ключевые слова 0_
a Ключевые слова этнография Дагестана
686 Индексы других классификаций __
a Классификационный индекс 63.3(2Рос.Даг)
2 Код системы rubbk
686 Индексы других классификаций __
a Классификационный индекс 63.521(=603)
2 Код системы rubbk
700 Автор _1
a Фамилия Карпов
b Имя (инициалы) Ю.Ю.
g Полное личное имя Юрий Юрьевич
701 Альтернативная интеллектуальная ответственность _1
a Фамилия Капустина
b Имя (инициалы) Е.Л.
712 Наименование организации (Вторичная ответственность) 02
a Организация/ юрисдикция Российская академия наук
b Другие уровни Музей антропологии и этнографии им. Петра Великого (Кунсткамера)
4 Код отношения 570
801 Источник записи _0
a Страна RU
b Организация Ульяновская ОНБ
c Дата составления 20120312
g Правила каталогизации RCR
801 Источник записи _1
a Страна RU
b Организация Ульяновская ОНБ
c Дата составления 20120312
g Правила каталогизации RCR
901 Тип документа __
t Тип документа m
909 Создатель записи __
a Создатель записи Долгова
b Дата создания записи 20121207
938 Служебная информация __
a Имя БД books
b Имя библиотеки УОНБ
c Имя АИБС МАРК-SQL
d Номер DOC_ID в БД 280198